000 00919cab a2200205 4500
001 ##L132734
008 060303n2006 000 0 eng u
035 _a(Sirsi) u132734
041 0 _aeng
100 1 _aGreen, Andy
245 0 2 _aA standard for life
260 _c2006
490 0 _aQS News
_v24 February 2006, 15(1)
520 _aReports that BCIS has established a standard menu of Whole-Life Cycle Costs (WLCC), which aligns with the European Commission's Task Group 4's proposed cost data structure for Life Cycle Costing (LCC) in construction, which, if endorsed by ballot, will become the international standard later in 2006. Outlines the reasons for having a common standard, what it will address, and explains when WLCC and LCC should be used and for what purpose.
590 _aIKA140306
650 2 4 _aBCIS
650 2 4 _aDIS/ISO 15686
690 _aBUILT ENVIRONMENT-BUILDING COSTS
942 _n0
999 _c76589
_d76589